Peggy

Hlavní autor: Krejča, Pavel, 1944-2021
Další autoři: Janda, Petr, 1942-, Pokorný, Václav, 1918-2011
Jazyk: Čeština
Vydáno: Praha : Supraphon, 1981
Vydání: 1. vyd.
Edice: Malý taneční soubor. Combo series
Fyzický popis: 5 hlasů
Hudebniny Hudebniny
Uloženo v:
LEADER 01030ncm a22002772a 4500
001 000712461
003 CZ BrMZK
005 20110509104152.0
007 qu
008 040422s1981 xr |||||||||||||||||cze d
040 |a BOA001  |b cze 
072 7 |a 784  |x Vokální hudba  |2 Konspekt  |9 9 
100 1 |a Krejča, Pavel,  |d 1944-2021  |7 xx0016545  |4 cmp 
245 1 0 |a Peggy  |h [hudebnina] /  |c Pavel Krejča ; slova Z. Rytíř ; upr. Václav Pokorný. Vlak, co nikde nestaví / P. Janda ; slova M. Černý ; upr. V. Pokorný 
250 |a 1. vyd. 
260 |a Praha :  |b Supraphon,  |c 1981 
300 |a 5 hlasů 
490 1 |a Malý taneční soubor. Combo series ;  |v 315 
700 1 |a Janda, Petr,  |d 1942-  |7 jn19990009863  |4 cmp 
700 1 |a Pokorný, Václav,  |d 1918-2011  |7 ola2002108019  |4 arr 
740 0 2 |a Vlak, co nikde nestaví 
830 0 |a Malý taneční soubor.  |p Combo series 
910 |a BOA001  |b Mus3-0837.015 
990 |a MU 
991 |b 201105 
996 6 |b 2619690963  |c Mus3-0837.015  |l MZK  |r Sklad / do 1 hodiny  |n 1  |w 000712461  |u 000010  |a 1  |e BOA001  |j MZK50  |s P